000 005690000a22001810004500
003 MACL
005 20160504120024.0
008 160504b xxu||||| |||| 00| 0 eng d
040 _aMACL
_cMACL
041 _aHindi
082 _a800 MEA
100 _aमेहेंदले, लीना
_92013
245 _aमेरी प्रांतसाहबी
_cलीना मेहेंदले
260 _aइलाहाबाद
_bसंकेत प्रकाशन
_c2009
350 _a180
650 _aलेख
_955089
942 _cHIN
_k800/MEA
_2ddc
999 _c46282
_d46282